Vývoj potratovosti na Slovensku.

Priebeh potratovosti na Slovensku v minulosti. Štatistické údaje: ukazovatele, charakterizujúce vývoj potratovosti na Slovensku vo vybraných rokoch. Špecifické potratovosti žien vo vybraných rokoch. Na Slovensku je nižšia potratovosť ako v Čechách.

Guardado en:
Detalles Bibliográficos
Autor principal: Halašová, Eva
Formato: Capítulo de libro
Lenguaje:eslovaco
Materias:
Etiquetas: Agregar Etiqueta
Sin Etiquetas, Sea el primero en etiquetar este registro!

MARC

LEADER 00000naa a2200000 4500
001 r006876
005 20230220075827.6
041 0 |a slo 
044 |a [CS] 
245 1 0 |a Vývoj potratovosti na Slovensku.  |c E. Halašová 
520 |a Priebeh potratovosti na Slovensku v minulosti. Štatistické údaje: ukazovatele, charakterizujúce vývoj potratovosti na Slovensku vo vybraných rokoch. Špecifické potratovosti žien vo vybraných rokoch. Na Slovensku je nižšia potratovosť ako v Čechách. 
610 2 0 |a pôrodnosť 
610 2 0 |a Slovensko 
610 2 0 |a údaje štatistické 
100 1 |a Halašová, Eva